| 000 | 00737nam a2200229 4500 | ||
|---|---|---|---|
| 003 | OSt | ||
| 005 | 20240731050725.0 | ||
| 006 | a | ||
| 008 | 240731b |||||||| |||| 00| 0 eng d | ||
| 020 | _a9780763756024 | ||
| 040 |
_aDWCL-Main lib. _cOC |
||
| 082 |
_2Second edition _aCirc. 610.73079 H758g 2009 |
||
| 100 | _aHoltzclaw, Barbara J. | ||
| 245 | _aGrant writing handbook for nurses / | ||
| 250 | _aSecond edition | ||
| 260 |
_aSudbury, Mass. : _bJones and Bartlett Pub. , _cc2009 |
||
| 300 |
_axi, _b293 p. : ill. ; _c23 cm. |
||
| 504 | _aIncludes bibliographical references & index. | ||
| 650 | _a1. Nursing-Research grants. | ||
| 650 | _a2. Proposal writing in medicine. | ||
| 942 |
_2ddc _n0 _cBK-CIRC _eSecond edition _kCirc. |
||
| 999 |
_c3023 _d3023 |
||